Alcool Fort 19° Mort Subite - Statistiques

Statistiques générales
  • Ce quiz a été pris 7 386 fois
    2 491 depuis la dernière actualisation
  • Le résultat moyen est 5 sur 28
Answers on the Grid
Answers color-coded by a green-red scale on the quiz's grid according to % correct below.
Spirytus Rektyfikowany
Malibu
X Cold / Get 31
Suze
Leffe
Everclear
Triple Karmeliet
Cocoroco
Mezcal
Get 27
Champagne
Absinthe
Martini
Cachaça
Rhum
Grand Marnier
Cidre
Eau-de-vie
Baileys
Menthe Pastille
Kahlua
Vin
Vodka
Kirsch
Cointreau
Apérol
Picon
Poire Williams
Kir
Triple Sec
Soho
Desperados
Limoncello
Gin
Poiré
Xeres
Tequila
Sambuca
Armagnac / Cognac
JägerMeister
Heineken
Pastis / Ricard
Chartreuse
Whisky
Curaçao
El Tequito
Génépi
Calvados
 
Statistiques - réponses
Réponse % Correct
Vodka
47%
Whisky
46%
Rhum
42%
Tequila
37%
Eau-de-vie
33%
Gin
33%
Pastis / Ricard
30%
JägerMeister
29%
Armagnac / Cognac
27%
Absinthe
26%
Génépi
21%
Calvados
20%
Chartreuse
20%
Poire Williams
15%
Cointreau
14%
Limoncello
13%
Triple Sec
13%
X Cold / Get 31
12%
Grand Marnier
11%
Curaçao
8%
Cachaça
7%
Kirsch
7%
Menthe Pastille
6%
Mezcal
6%
Spirytus Rektyfikowany
4%
Sambuca
3%
Everclear
2%
Cocoroco
1%
Aucun quiz correspondant
Distribution des résultats
% des personnes avec chaque résultat
Percentile par nombre de réponses
Votre historique - résultats
Vous n’avez pas pris ce quiz depuis la dernière actualisation